000 00506nam a2200169 i 4500
001 39385
003 ES-MaACL
005 20230912063105.0
007 t|
008 030303s1876 sp ||||1| spa d
100 1 _aCalleja y Sánchez, Julián,
_d1837-1913
_933734
245 1 0 _aBreves noticias de la Facultad de Madrid /
_c[Julián Calleja].
260 _aMadrid :
_b[s.n.],
_c1876 (
_fImp. de Aribau)
300 _a50 p. ;
_c25 cm.
852 _aES-MaACL
_jT-204-F-13
999 _c39385
_d39385